000 00752nam a22002417a 4500
999 _c12530
_d12530
003 AR-CdUCM
008 190409b ||||| |||| 00| 0 spa d
020 _a978-0-9763045-1-7
040 _aMUNICIPALIDAD PROVINCIAL DEL CUSCO
_cBIBLIOTECA MUNICIPAL DEL CUSCO
041 _heng
082 _aES / 813 /
_bW58
100 _aWilson, Willie
_930405
245 _aUp Mountain One time /
260 _aEstados Unidos :
_bBonne Resolution Press,
_c2007.
300 _a133 paginas ;
_bIlustraciones, Graficos, Dibujos,
_c24 cm.
500 _aTexto educativo
650 _aTexto educativo
_925832
650 _aLiteratura
_983
650 _aEstados Unidos
_91805
700 _aBertrand, Karen
_930406
942 _2ddc
_cLIBROS
945 _apjha
_d2019-04-09